E17 関越自動車道 - Statistics

General Stats
  • This quiz has been taken 83 times
  • The average score is 30 of 46
Answer Stats
IC キロポスト 名称 % Correct
1 0.0 練馬IC
94%
10 87.0 高崎IC
91%
9-2 84.6 高崎JCT
91%
5 29.6 鶴ヶ島IC
87%
21 244.5 長岡IC
87%
4-1 27.8 鶴ヶ島JCT
87%
37 246.1 長岡JCT
87%
4 21.2 川越IC
86%
11 92.1 前橋IC
81%
- 50.1 嵐山PA
80%
9 78.6 藤岡JCT
79%
3 9.4 所沢IC
74%
- 34.8 高坂SA
74%
6 39.4 東松山IC
73%
13 125.8 沼田IC
73%
16 167.0 湯沢IC
73%
7-1 63.7 寄居PA・SIC
73%
15 141.0 水上IC
71%
2 0.8 大泉IC
70%
2 0.8 大泉JCT
70%
3-1 13.9 三芳PA・SIC
70%
8-1 75.5 上里SA・SIC
69%
8 69.6 本庄児玉IC
64%
12-1 111.2 赤城IC・PA
64%
6-1 47.4 嵐山小川IC
63%
12 103.4 渋川伊香保IC
63%
14 131.1 月夜野IC
63%
17 186.9 六日町IC
63%
- 157.5 土樽PA
59%
- 4.2 新座TB
59%
20 228.8 小千谷IC
54%
- 118.5 赤城高原SA
54%
5-1 32.5 坂戸西SIC
54%
7 56.1 花園IC
53%
19 220.9 越後川口IC・SA
50%
- 146.0 谷川岳PA
50%
12-2 120.6 昭和IC
49%
16-1 173.5175.5 塩沢石打IC・SA
49%
18 204.4 小出IC
47%
18-1 212.1 堀之内IC・PA
43%
9-1 82.7 高崎玉村SIC
43%
11-1 98.5 駒寄PA・SIC
41%
- 135.5 下牧PA
39%
17-1 198.3 大和PA・SIC
31%
20-1 238.5 長岡南越路SIC
30%
- 230.9 山谷PA
27%
No matching quizzes found
Score Distribution
Percent of People with Each Score
Percentile by Number Answered
Your Score History
You have not taken this quiz